[Event "Let's Play Chess!"]
[Site "http://www.queenalice.com/game.php?id=545963"]
[Date "2009.2.25"]
[Round "-"]
[White "igothedistance"]
[Black "doomedbr"]
[Result "0-1"]
[WhiteElo "1387"]
[BlackElo "1752"]

1. d4 e6 2. Nc3 Bb4 3. g3 b6 4. Bd2 Na6 5. e3 Bb7 6. Nf3 Nf6 7. Bg2 Qe7 8. O-O
Bxc3 9. bxc3 Ne4 10. Ne5 O-O-O 11. Bc1 Nxc3 12. Qd3 Nd5 13. Bxd5 Bxd5 14. Qxa6+
Bb7 15. Qxa7 d6 16. Nc4 Qd7 0-1

[Event "Let's Play Chess!"]
[Site "http://www.queenalice.com/game.php?id=545965"]
[Date "2009.2.25"]
[Round "-"]
[White "igothedistance"]
[Black "charles31"]
[Result "0-1"]
[WhiteElo "1423"]
[BlackElo "1719"]

1. d4 Nf6 2. Nc3 h6 3. g3 d5 4. Bg2 Bg4 5. Nf3 Nc6 6. O-O e6 7. Ne5 Qd6 8. Nb5
Qd8 9. Nxg4 Nxg4 10. e4 a6 11. Qxg4 axb5 12. e5 Be7 13. Qxg7 Kd7 14. Qxf7 Nxd4
15. c3 Qf8 16. Qxf8 Raxf8 17. cxd4 h5 18. Bd2 h4 19. Bf4 hxg3 20. hxg3 b6 21. a3
Ra8 22. Bd2 c5 23. dxc5 bxc5 24. Rac1 Rh7 25. Be3 c4 26. Bf3 Rf8 27. Bg2 Bd8 28.
Bc5 Rf5 29. Bh1 Rxe5 0-1

[Event "Let's Play Chess!"]
[Site "http://www.queenalice.com/game.php?id=545966"]
[Date "2009.2.25"]
[Round "-"]
[White "igothedistance"]
[Black "charles31"]
[Result "0-1"]
[WhiteElo "1427"]
[BlackElo "1715"]

1. Nc3 e5 2. e3 a6 3. g3 d5 4. Bg2 Nf6 5. Nge2 Bb4 6. O-O Bg4 7. f3 Be6 8. a3
Bxc3 9. bxc3 Nc6 10. f4 exf4 11. Rxf4 Nh5 12. Rf2 Qd7 13. d4 Bg4 14. Qf1 Bxe2
15. Qxe2 Nf6 16. Bb2 h5 17. Qf3 O-O-O 18. a4 Na5 19. Qe2 Nc4 20. Ba3 h4 21. Qf1
Nxe3 22. Qd3 hxg3 23. hxg3 Nxg2 24. Kxg2 Ne4 25. Rf4 Qh3+ 26. Kf3 Qxg3+ 27. Ke2
Rh2+ 28. Kd1 Rh1+ 29. Ke2 Rh2+ 0-1

[Event "Let's Play Chess!"]
[Site "http://www.queenalice.com/game.php?id=545967"]
[Date "2009.2.25"]
[Round "-"]
[White "igothedistance"]
[Black "charles31"]
[Result "1-0"]
[WhiteElo "1516"]
[BlackElo "1713"]

1. Nc3 e5 2. e4 a6 3. d3 Bb4 4. Bd2 Nc6 5. Be2 d6 6. Nf3 h6 7. O-O g5 8. a3 Ba5
9. b4 Bb6 10. Nd5 Be6 11. c4 Bxd5 12. cxd5 Nce7 13. Bc3 f5 14. Nd2 Qd7 15. Kh1
O-O-O 16. Nc4 Ba7 17. a4 fxe4 18. dxe4 Rf8 19. h3 Nf6 20. b5 axb5 21. axb5 Kb8
22. Qa4 c5 23. Qxa7+ Kc7 24. Ba5+ 1-0

[Event "Let's Play Chess!"]
[Site "http://www.queenalice.com/game.php?id=545968"]
[Date "2009.2.25"]
[Round "-"]
[White "igothedistance"]
[Black "aldav"]
[Result "0-1"]
[WhiteElo "1456"]
[BlackElo "993"]

1. Nc3 d5 2. d4 Nf6 3. e4 dxe4 4. f3 exf3 5. Nxf3 e6 6. Bd3 Bb4 7. O-O Bxc3 8.
bxc3 O-O 9. Qe1 Nbd7 10. Qh4 c5 11. Bg5 b6 12. Bxf6 Nxf6 13. Ng5 h6 14. Rxf6
Qxf6 15. Rf1 Qxg5 16. Qxg5 hxg5 0-1

[Event "Let's Play Chess!"]
[Site "http://www.queenalice.com/game.php?id=545969"]
[Date "2009.2.25"]
[Round "-"]
[White "Givanildo"]
[Black "igothedistance"]
[Result "0-1"]
[WhiteElo "1424"]
[BlackElo "1503"]

1. e4 e5 2. Nf3 Nc6 3. Bc4 Nf6 4. Ng5 d5 5. exd5 Nxd5 6. Qh5 g6 7. Qf3 Qxg5 8.
Bxd5 Qf5 9. Qb3 Nd4 10. Qc4 Bd6 11. Rg1 O-O 12. g4 Qf4 13. Nc3 Nf3+ 14. Kf1
Qxc4+ 15. Bxc4 Nxg1 16. Kxg1 Bxg4 17. Nd5 Kg7 18. d3 c6 19. Nf4 exf4 20. Bd2 f3
21. Bc3+ Kh6 22. Bd2+ Kh5 23. Kf1 Bxh2 24. Be3 Rae8 25. Re1 Bh3# 0-1

[Event "Let's Play Chess!"]
[Site "http://www.queenalice.com/game.php?id=545970"]
[Date "2009.2.25"]
[Round "-"]
[White "Andrei_78"]
[Black "igothedistance"]
[Result "1-0"]
[WhiteElo "1661"]
[BlackElo "1406"]

1. e4 g6 2. d3 Bg7 3. Nf3 Nf6 4. h3 O-O 5. Be2 d6 6. O-O c5 7. Nc3 Nc6 8. a3 b5
9. Nxb5 a6 10. Nc3 d5 11. exd5 Nxd5 12. Nxd5 Qxd5 13. c4 Qd6 14. Qa4 Nd4 15.
Nxd4 Bxd4 16. Bf3 Ra7 17. Bd5 Bd7 18. Qd1 Be5 19. Re1 1-0

[Event "Let's Play Chess!"]
[Site "http://www.queenalice.com/game.php?id=545971"]
[Date "2009.2.25"]
[Round "-"]
[White "spawnwolfwolverine"]
[Black "igothedistance"]
[Result "0-1"]
[WhiteElo "1627"]
[BlackElo "1467"]

1. c4 g6 2. d3 Bg7 3. e4 e6 4. g3 Nf6 5. Bg5 O-O 6. Bg2 d5 7. cxd5 Qd6 8. dxe6
fxe6 9. Bxf6 Bxf6 10. Nc3 Qb6 11. Nf3 Bg5 12. Nxg5 Qxf2# 0-1

[Event "AUTO-OPEN-1454"]
[Site "http://www.queenalice.com/game.php?id=546067"]
[Date "2009.2.24"]
[Round "1"]
[White "ChessColossos"]
[Black "igothedistance"]
[Result "1-0"]
[WhiteElo "1870"]
[BlackElo "1316"]

1. e4 e5 2. f4 Nc6 3. Nf3 d6 4. fxe5 dxe5 5. Bb5 Bd7 6. d3 Bd6 7. Nc3 Nf6 8. Bg5
O-O 9. Nd5 Be7 10. Nxe7+ Qxe7 11. Qd2 Qc5 12. Bxc6 bxc6 13. Be3 Qd6 14. b4 Bg4
15. Bc5 Qe6 16. Bxf8 1-0

[Event "AUTO-OPEN-1454"]
[Site "http://www.queenalice.com/game.php?id=546068"]
[Date "2009.2.24"]
[Round "1"]
[White "igothedistance"]
[Black "ChessColossos"]
[Result "0-1"]
[WhiteElo "1310"]
[BlackElo "1872"]

1. d4 d5 2. Nc3 e6 3. e4 dxe4 4. f3 exf3 5. Nxf3 Bb4 6. Bd3 h6 7. O-O Bxc3 8.
bxc3 b6 9. Qe1 Nf6 10. Qh4 Nc6 11. Rb1 a5 12. Ng5 O-O 13. Nf3 Nd5 14. Bxh6 Qxh4
0-1

[Event "AUTO-OPEN-1454"]
[Site "http://www.queenalice.com/game.php?id=546093"]
[Date "2009.2.24"]
[Round "1"]
[White "igothedistance"]
[Black "Gusbeypc"]
[Result "0-1"]
[WhiteElo "1356"]
[BlackElo "1797"]

1. d4 d5 2. Nc3 Nf6 3. e4 dxe4 4. f3 exf3 5. Nxf3 e6 6. Bd3 a6 7. O-O c5 8. Qe1
cxd4 9. Ne4 Nxe4 10. Bxe4 Bc5 11. Kh1 O-O 12. Qg3 f6 13. Bh6 Rf7 14. Rad1 Bd6
15. Qg4 f5 16. Bxf5 exf5 0-1

[Event "AUTO-OPEN-1454"]
[Site "http://www.queenalice.com/game.php?id=546094"]
[Date "2009.2.24"]
[Round "1"]
[White "Gusbeypc"]
[Black "igothedistance"]
[Result "1-0"]
[WhiteElo "1795"]
[BlackElo "1358"]

1. e4 e5 2. Nf3 Nc6 3. Bb5 d6 4. O-O Nf6 5. Re1 Be7 6. d3 O-O 7. Nc3 a6 8. Bxc6
bxc6 9. h3 Nh5 10. Nxe5 dxe5 11. Qxh5 Bf6 12. b3 g6 13. Qf3 Qd4 14. Bb2 Qd6 15.
Nd1 Rb8 16. Ne3 Bg5 17. Qg3 1-0

[Event "AUTO-INT-1218"]
[Site "http://www.queenalice.com/game.php?id=546172"]
[Date "2009.2.25"]
[Round "1"]
[White "fromback"]
[Black "igothedistance"]
[Result "1-0"]
[WhiteElo "1463"]
[BlackElo "1342"]

1. e4 e5 2. Nf3 Nc6 3. Bc4 d5 4. Bxd5 Nf6 5. Bc4 Bd6 6. Ng5 Be6 7. Bxe6 fxe6 8.
Nxe6 Qd7 9. Ng5 O-O-O 10. Nc3 h6 11. Nf3 g5 12. g4 Qxg4 13. h3 Qg2 14. Rh2 Qxh2
15. Nxh2 Nd4 16. Ng4 Rdf8 17. Nd5 Nxe4 18. d3 1-0

[Event "AUTO-INT-1218"]
[Site "http://www.queenalice.com/game.php?id=546173"]
[Date "2009.2.25"]
[Round "1"]
[White "igothedistance"]
[Black "fromback"]
[Result "0-1"]
[WhiteElo "1354"]
[BlackElo "1451"]

1. d4 Nf6 2. Nc3 Nc6 3. e4 d5 4. e5 Ne4 5. Nxe4 dxe4 6. f3 Bf5 7. fxe4 Bxe4 8.
Nf3 e6 9. Be2 f6 10. O-O Nb4 11. a3 Nd5 12. Nd2 c5 13. exf6 gxf6 14. Nxe4 f5 15.
Bh5+ Kd7 16. dxc5 b6 17. c4 fxe4 0-1

[Event "AUTO-INT-1218"]
[Site "http://www.queenalice.com/game.php?id=546178"]
[Date "2009.2.25"]
[Round "1"]
[White "mateusamorim96"]
[Black "igothedistance"]
[Result "1-0"]
[WhiteElo "1866"]
[BlackElo "1360"]

1. d4 g6 2. c4 Bg7 3. Nf3 d6 4. Nc3 Nf6 5. e3 O-O 6. Bd3 a6 7. O-O Bg4 8. Be2 c5
9. dxc5 dxc5 10. Nd2 Bxe2 11. Qxe2 Nc6 12. Nde4 Nxe4 13. Nxe4 1-0

[Event "AUTO-INT-1218"]
[Site "http://www.queenalice.com/game.php?id=546179"]
[Date "2009.2.25"]
[Round "1"]
[White "igothedistance"]
[Black "mateusamorim96"]
[Result "0-1"]
[WhiteElo "1362"]
[BlackElo "1864"]

1. d4 d5 2. Nc3 Nf6 3. e4 Nxe4 4. Nxe4 dxe4 5. f3 exf3 6. Nxf3 e6 7. Bd3 Bd6 8.
O-O O-O 9. Qe1 c5 10. c3 cxd4 11. Qe4 f5 12. Qxd4 b6 0-1